Human Resource Management (Record no. 829)

MARC details
000 -LEADER
fixed length control field 00427nam a22001697a 4500
005 - DATE AND TIME OF LATEST TRANSACTION
control field 20180801163208.0
008 - FIXED-LENGTH DATA ELEMENTS--GENERAL INFORMATION
fixed length control field 160514b xxu||||| |||| 00| 0 eng d
020 ## - INTERNATIONAL STANDARD BOOK NUMBER
ISBN 978812591913
041 ## - LANGUAGE CODE
Language code of text/sound track or separate title eng
082 ## - DEWEY DECIMAL CLASSIFICATION NUMBER
Item number 2250
Classification number 658.3
100 ## - MAIN ENTRY--AUTHOR NAME
Personal name Dwivedi, R.S.
245 ## - TITLE STATEMENT
Title Human Resource Management
260 ## - PUBLICATION, DISTRIBUTION, ETC. (IMPRINT)
Place of publication New Delhi
Name of publisher Vikas Publishing House (P) Ltd.
Year of publication 2009
300 ## - PHYSICAL DESCRIPTION
Number of Pages 390p,
650 ## - SUBJECT ADDED ENTRY--TOPICAL TERM
Topical Term Management
942 ## - ADDED ENTRY ELEMENTS (KOHA)
Koha item type Books
Holdings
Lost status Damaged status Collection code Home library Current library Shelving location Date acquired Cost, normal purchase price Full call number Accession Number Koha item type
    MANAGEMENT JRU Library JRU Library SHELF-63-E 14/05/2016 255.00 658.3 2250 Books
    MANAGEMENT JRU Library JRU Library SHELF-63-E 14/05/2016 255.00 658.3 2251 Books
    MANAGEMENT JRU Library JRU Library SHELF-63-E 14/05/2016 255.00 658.3 2252 Books
    MANAGEMENT JRU Library JRU Library SHELF-63-E 14/05/2016 255.00 658.3 2253 Books
    MANAGEMENT JRU Library JRU Library SHELF-63-E 14/05/2016 255.00 658.3 2254 Books
    Reference JRU Library   SHELF-30-G 14/05/2016 255.00 658.3 2255 Books
    MANAGEMENT JRU Library JRU Library SHELF-63-E 14/05/2016 255.00 658.3 2256 Books
    MANAGEMENT JRU Library JRU Library SHELF-63-E 14/05/2016 255.00 658.3 2257 Books
    MANAGEMENT JRU Library JRU Library SHELF-63-E 14/05/2016 255.00 658.3 2258 Books